Online
Catalog
Normal view MARC view

Entry Nombre personal

Number of records used in: 3

001 - NÚMERO DE CONTROL

  • campo de control: 46288

003 - IDENTIFICADOR DEL NÚMERO DE CONTROL

  • campo de control: BNPHU

005 - FECHA Y HORA DE LA ÚLTIMA TRANSACCIÓN

  • campo de control: 20240319181005.0

008 - DATOS DE LONGITUD FIJA

  • campo de control de longitud fija: 200615|| aca||aabn | a|a d

010 ## - NÚMERO DE CONTROL DE LA BIBLIOTECA DEL CONGRESO

  • Número de control de LC: n 81086163

040 ## - FUENTE DE LA CATALOGACIÓN

  • Centro catalogador/agencia de origen: DO-SdBNP
  • Lengua de catalogación: spa
  • Centro/agencia transcriptor: BNPHU
  • Normas de descripción: rda

100 1# - ENCABEZAMIENTO-NOMBRE DE PERSONA

  • Nombre de persona: Baéz Evertsz, Carlos Julio

370 ## - LUGAR ASOCIADO

  • Lugar de nacimiento: La Vega (República Dominicana)
  • País asociado: República Dominicana

372 ## - CAMPO DE ACTIVIDAD

  • Campo de actividad: Politólogo
  • Campo de actividad: Sociólogo
  • Campo de actividad: Profesor universitario

373 ## - GRUPO ASOCIADO

  • Grupo asociado: Universidad Complutense de Madrid

373 ## - GRUPO ASOCIADO

  • Grupo asociado: Universitatea din București

375 ## - GÉNERO/SEXO

  • Género/Sexo: Masculino

377 ## - LENGUA/LENGUAJE ASOCIADO

  • Código del idioma: spa

400 1# - TRAZADO DE VÉASE--NOMBRE DE PERSONA

  • Nombre de persona: Báez Evertsz, Carlos Julio

400 1# - TRAZADO DE VÉASE--NOMBRE DE PERSONA

  • Nombre de persona: Evertsz, Carlos Julio Báez

400 1# - TRAZADO DE VÉASE--NOMBRE DE PERSONA

  • Nombre de persona: Evertsz, Carlos Báez

670 ## - FUENTE DE DATOS ENCONTRADOS

  • Cita de la fuente: Work cat.: (OSt)21956: Baéz Evertsz, Carlos Julio, Dominicanos en España, españoles en Santo Domingo , 2001.

670 ## - FUENTE DE DATOS ENCONTRADOS

  • Cita de la fuente: Por una alternativa socialista, marxista revolucionaria y de masas, 1983

670 ## - FUENTE DE DATOS ENCONTRADOS

  • Cita de la fuente: Partidos políticos y movimiento popular en República Dominicana, 2011

Powered by Koha